| 000 | 00417nam a2200145Ia 4500 | ||
|---|---|---|---|
| 008 | 151021s9999 xx 000 0 und d | ||
| 020 | _a9.7806190594e+012 | ||
| 245 | _a_E-commerce Basics (2nd ed) Bruce J. McLaren | ||
| 260 | _aBoston Thomson 2003 | ||
| 300 | _axv,344p.;ill | ||
| 500 | _aIncludes index. | ||
| 500 | _aIncludes index. | ||
| 650 | _a_Electronic Commerce | ||
| 980 | _a^d20120828 04:18:58^oanne | ||
| 999 |
_c12602 _d12602 |
||